El nuevo Monotributo. Un régimen ya no tan "simplificado". Casos prácticos. Primera parte (Registro nro. 13315)
[ vista simple ]
| 000 -LEADER | |
|---|---|
| fixed length control field | 00374 a2200109 4500 |
| 001 - CONTROL NUMBER | |
| control field | ART_8753 |
| 005 - DATE AND TIME OF LATEST TRANSACTION | |
| control field | 20260410161641.0 |
| 008 - FIXED-LENGTH DATA ELEMENTS--GENERAL INFORMATION | |
| fixed length control field | 260409a |
| 100 1# - MAIN ENTRY--PERSONAL NAME | |
| Personal name | Moreno, Carolina |
| 245 10 - TITLE STATEMENT | |
| Title | El nuevo Monotributo. Un régimen ya no tan "simplificado". Casos prácticos. Primera parte |
| 773 0# - HOST ITEM ENTRY | |
| Title | Consultor tributario |
| Related parts | - Año 4, Nº 44 (oct. 2010) |
| Record control number | REV474 |
No hay ítems disponibles.